000
00293nam a2200121Ia 4500
008
220204s9999 xx 000 0 und d
082
_a
631.4(038)
_b
PLA
100
_a
Cailleux, A
245
0
_a
Dictionary of soils
260
_a
New York
_b
Amerind
_c
1981
700
_a
Plaisance, G
942
_c
BK
999
_c
36490
_d
36490